The spirit of the Counter-Reformation : the Birkbeck lectures in ecclesiastical history given in the University of Cambridge in May 1951 /

Saved in:
Bibliographic Details
Main Author: Evennett, H. Outram (Henry Outram), 1901-1964
Other Authors: Bossy, John
Format: Book
Language:English
Published: Cambridge ; London : Cambridge University Press, 1968.
Subjects:
LEADER 01233nam a22003011a 4500
001 c000175522
003 CARM
005 20041103144122.0
008 700820s1968 enkcf b 001 0 eng
010 |a 68011282 
015 |a B68-07327 
019 1 |a 698294  |z 8814605  |5 LACONCORD2021 
035 |a (OCoLC)382019  |5 LACONCORD2021 
040 |a LC  |b eng  |c LC  |d 2509 
050 0 0 |a BR430  |b .E95 
082 0 0 |a 270.6 
082 1 4 |a 270.6  |2 19 
100 1 |a Evennett, H. Outram  |q (Henry Outram),  |d 1901-1964. 
245 1 4 |a The spirit of the Counter-Reformation :  |b the Birkbeck lectures in ecclesiastical history given in the University of Cambridge in May 1951 /  |c by the late H. Outram Evennett ; edited with a postscript by John Bossy. 
260 |a Cambridge ;  |a London :  |b Cambridge University Press,  |c 1968. 
300 |a xiii, 159 p., 1 leaf of plates :  |b port. ;  |c 23 cm. 
500 |a Includes index. 
504 |a Bibliography: p. 146-153. 
650 0 |a Counter-Reformation. 
700 1 |a Bossy, John. 
852 8 |b CARM  |h A2:AK19B0  |i B05357  |p 0246305  |f BK 
999 f f |i 786ae6f5-3994-5586-a0d8-de850804e91f  |s 376fd562-ce85-512f-9e28-f9ed7d710d83 
952 f f |p Can circulate  |a CAVAL  |b CAVAL  |c CAVAL  |d CARM 1 Store  |e B05357  |f A2:AK19B0  |h Other scheme  |i book  |m 0246305